| 000 | 01151nam a2200361 a 4500 | ||
|---|---|---|---|
| 001 | 37330 | ||
| 003 | BD-RjUL | ||
| 005 | 20211209052611.0 | ||
| 008 | 141130r19951992uk a 001 0 eng | ||
| 020 | _a1857329066 | ||
| 020 | _a9781857329063 | ||
| 035 | _a(BD-RjUL)37433 | ||
| 040 |
_aDLC _cDLC _dDLC _dBD-RjUL _beng |
||
| 041 | _aeng | ||
| 082 | 0 | 0 |
_a635.049 _220 _bBRG 1995 |
| 245 | 0 | 0 |
_aGarden pests & diseases / _cAudrey Brooks, Andrew Halstead; |
| 250 | _a1st ed. | ||
| 260 |
_aLondon : _bMitchell Beazley, _cc1992 [reprint 1995]. |
||
| 300 |
_a191p. : _bcol. ill. ; _c19 cm. |
||
| 490 | _aRoyal Horticultural Society's encyclopedia of practical gardening. | ||
| 500 | _aAt head of title: Sunset. | ||
| 500 | _aIncludes index. | ||
| 650 | 0 |
_aGarden pests. _9114424 |
|
| 650 | 0 |
_aPlant diseases. _9114183 |
|
| 650 | 0 |
_aGarden pests _xControl. _9114425 |
|
| 710 | 2 |
_aSunset Books. _9114426 |
|
| 730 | 0 |
_aSunset magazine. _9114427 |
|
| 740 | 0 | _aGarden pests and diseases. | |
| 856 | _3Royal Horticultural Society's encyclopedia of practical gardening. | ||
| 942 |
_2ddc _cBK |
||
| 999 |
_c37330 _d37330 |
||